| 000 | 00793nam a2200241Ia 4500 | ||
|---|---|---|---|
| 003 | GCL | ||
| 008 | 140319s9999 xx 000 0 ara d | ||
| 040 |
_aGCL / _cGCL |
||
| 082 | 0 | 4 |
_a939.44 _bا ن |
| 100 | 1 | _aايوب، كيرفيلا | |
| 245 | 1 | 0 |
_aالنساء فى اوغاريت : _bمن خلال محفوظات القصر الملكى / _cايوب، كيرفيلا |
| 700 | 1 | _aنجيب غزاوى | |
| 250 | _aالاولى | ||
| 260 |
_aسوريا : _bالابجدية للنشر ، _c1990 |
||
| 300 |
_a143 ص ؛ _c18 سم |
||
| 490 |
_aابجدية المعرفة _v1 |
||
| 650 | 0 | 4 | _aتاريخ |
| 650 | 0 | 4 | _aالفينيقيون |
| 650 | 0 | 4 | _aسوريا القديمة |
| 650 | 0 | 4 | _aسوريا القديمة - تاريخ |
| 650 | 0 | 4 | _aاوغاريت |
| 942 |
_2ddc _cBK |
||
| 999 |
_c48482 _d48482 |
||